MARC

LEADER 00000nam0a2200000 4500
001 363740
005 20231102011623.0
035 |a (RuTPU)RU\TPU\retro\21087 
090 |a 363740 
100 |a 20211011d1981 k y0rusy50 ca 
101 1 |a rus  |c eng 
102 |a RU 
105 |a a z 001zy 
200 1 |a Устойчивость движений жидкости  |e монография  |e пер. с англ.  |f Д. Джозеф 
210 |a Москва  |c Мир  |d 1981 
215 |a 638 с.  |c ил. 
320 |a Библиогр.: с. 609-632 
606 1 |a Жидкости  |x Устойчивость  |2 stltpush  |3 (RuTPU)RU\TPU\subj\10873  |9 37885 
610 1 |a глобальная устойчивость 
610 1 |a единственность 
610 1 |a неустойчивость 
610 1 |a бифуркация 
610 1 |a течение Куэтта 
610 1 |a уравнение Обербека-Буссинеска 
610 1 |a неоднородные жидкости 
610 1 |a границы раздела 
610 1 |a монографии 
675 |a 532.5  |v 4 
700 1 |a Джозеф  |b Д.  |g Дэниел 
801 1 |a RU  |b 63413507  |c 20211011 
942 |c BK